Statistics for Most Populous Asian Country By Letter

Click here to take the quiz!

General Stats

  • This quiz has been taken 30 times
  • The average score is 17 of 19

Answer Stats

LetterCountryPopulation% Correct
CChina1,439,323,776
100%
IIndia1,380,004,385
100%
KKazakhstan18,776,707
100%
OOman5,106,626
100%
VVietnam97,338,579
100%
BBangladesh164,689,383
96%
JJapan126,476,461
96%
QQatar2,881,053
96%
UUzbekistan33,469,203
92%
YYemen29,825,964
92%
LLaos7,275,560
88%
N
Nepal29,136,808
83%
PPakistan220,892,340
83%
SSouth Korea51,269,185
83%
GGeorgia3,989,167
79%
MMyanmar54,409,800
75%
TTurkey84,339,067
75%
AAfghanistan38,928,346
71%
EEast Timor1,318,445
63%

Score Distribution

Percentile by Number Answered

Percent of People with Each Score

Your Score History

You have not taken this quiz